<?xml version="1.0" encoding="UTF-8"?>
<record
    xmlns:xsi="http://www.w3.org/2001/XMLSchema-instance"
    xsi:schemaLocation="http://www.loc.gov/MARC21/slim http://www.loc.gov/standards/marcxml/schema/MARC21slim.xsd"
    xmlns="http://www.loc.gov/MARC21/slim">

  <leader>01476    a2200217   4500</leader>
  <controlfield tag="001">54108</controlfield>
  <controlfield tag="005">20260407155811.0</controlfield>
  <controlfield tag="008">260407a1966    arg                 spa d</controlfield>
  <controlfield tag="003">AR-UNSa-BCEJYS</controlfield>
  <datafield tag="040" ind1=" " ind2=" ">
    <subfield code="a">AR-UNSa-BCEJYS</subfield>
    <subfield code="b">spa</subfield>
    <subfield code="c">AR-UNSa-BCEJYS</subfield>
  </datafield>
  <datafield tag="080" ind1=" " ind2=" ">
    <subfield code="a">510</subfield>
    <subfield code="x">Consideraciones fundamentales y generales de las matem&#xE1;ticas
</subfield>
  </datafield>
  <datafield tag="245" ind1="1" ind2="0">
    <subfield code="a">Formaci&#xF3;n matem&#xE1;tica del economista</subfield>
  </datafield>
  <datafield tag="250" ind1=" " ind2=" ">
    <subfield code="a">2a. ed.</subfield>
  </datafield>
  <datafield tag="264" ind1=" " ind2="1">
    <subfield code="a">Buenos Aires :</subfield>
    <subfield code="b">Fondo de Cultura Econ&#xF3;mica</subfield>
    <subfield code="c">1966</subfield>
  </datafield>
  <datafield tag="300" ind1=" " ind2=" ">
    <subfield code="a">562 p.</subfield>
    <subfield code="c">21 cm.</subfield>
  </datafield>
  <datafield tag="505" ind1=" " ind2=" ">
    <subfield code="a">1. Recordando conceptos de Aritm&#xE9;tica - 2. Recordando operaciones de &#xC1;lgebra - 3. Nociones de Trigonometr&#xED;a - 4. Combinatoria,progresiones,logaritmos y aplicaciones financieras - 5. Funciones en Econom&#xED;a - 6. &#xC1;lgebra y geometr&#xED;a lineal bidimensional - 7. Ecuaciones de segundo grado,c&#xF3;nicas y otras funciones &#xFA;tiles en Econom&#xED;a - 8. L&#xED;mites,continuidad - 9. Derivaci&#xF3;n - 10. Integral indefinida - 11. Integral definida - 12. Series - 13. F&#xF3;rmula de Taylor-Mac Laurin.Estudio de una curva plana - 14. Serie de Fourier y polinomios ortogonales - 15. &#xC1;lgebra y geometr&#xED;a tridimensional - 16. C&#xE1;lculo diferencial de funciones de dos variables - 17. Integrales m&#xFA;ltiples - 18. &#xC1;lgebra lineal - 19. Formas cuadr&#xE1;ticas y extremos de funciones de n variables - 20. Ecuaciones diferenciales - 21. Operadores y ecuaciones en diferencias</subfield>
  </datafield>
  <datafield tag="041" ind1=" " ind2=" ">
    <subfield code="a">spa</subfield>
  </datafield>
  <datafield tag="942" ind1=" " ind2=" ">
    <subfield code="c">BK</subfield>
  </datafield>
  <datafield tag="590" ind1=" " ind2=" ">
    <subfield code="a">niveau_biblio:m niveau_hierar:0</subfield>
  </datafield>
  <datafield tag="100" ind1="1" ind2=" ">
    <subfield code="a">Toranzos, Fausto I.</subfield>
  </datafield>
  <datafield tag="999" ind1=" " ind2=" ">
    <subfield code="c">5355</subfield>
    <subfield code="d">5355</subfield>
  </datafield>
  <datafield tag="952" ind1=" " ind2=" ">
    <subfield code="0">0</subfield>
    <subfield code="1">0</subfield>
    <subfield code="4">0</subfield>
    <subfield code="7">0</subfield>
    <subfield code="a">BCEJYS</subfield>
    <subfield code="b">BCEJYS</subfield>
    <subfield code="c">16</subfield>
    <subfield code="d">2026-04-07</subfield>
    <subfield code="l">0</subfield>
    <subfield code="o">510 T676 2ed.</subfield>
    <subfield code="p">L22420</subfield>
    <subfield code="r">2026-04-07 15:58:11</subfield>
    <subfield code="w">2026-04-07</subfield>
    <subfield code="y">L</subfield>
  </datafield>
  <datafield tag="952" ind1=" " ind2=" ">
    <subfield code="0">0</subfield>
    <subfield code="1">0</subfield>
    <subfield code="4">0</subfield>
    <subfield code="7">0</subfield>
    <subfield code="a">BCEJYS</subfield>
    <subfield code="b">BCEJYS</subfield>
    <subfield code="c">16</subfield>
    <subfield code="d">2026-04-07</subfield>
    <subfield code="l">0</subfield>
    <subfield code="o">510 T676 2ed.</subfield>
    <subfield code="p">L22421</subfield>
    <subfield code="r">2026-04-07 15:58:11</subfield>
    <subfield code="w">2026-04-07</subfield>
    <subfield code="y">L</subfield>
  </datafield>
</record>
